Die größten Städte von A-Z nach Bundesland - Statistiken

Allgemein
  • Dieses Quiz wurde 184 mal gespielt
  • Das Durchschnittsergebnis liegt bei 79 aus 250
Antwortstatistiken
Buchstabe Antwort Einwohner % Korrekt
Bremen B Bremen 580.000
89%
Berlin B Berlin 3.700.000
87%
Hamburg H Hamburg 2.000.000
87%
Hessen F Frankfurt am Main 760.000
85%
Brandenburg F Frankfurt (Oder) 57.000
85%
Nordrhein-Westfalen D Düsseldorf 620.000
83%
Bayern M München 1.500.000
83%
Nordrhein-Westfalen A Aachen 250.000
82%
Nordrhein-Westfalen E Essen 580.000
82%
Nordrhein-Westfalen K Köln 1.100.000
82%
Baden-Württemberg S Stuttgart 626.000
82%
Bayern A Augsburg 300.000
81%
Bayern N Nürnberg 510.000
81%
Niedersachsen H Hannover 540.000
79%
Baden-Württemberg M Mannheim 311.000
77%
Sachsen D Dresden 555.000
75%
Baden-Württemberg U Ulm 125.000
75%
Nordrhein-Westfalen B Bochum 365.000
74%
Sachsen C Chemnitz 243.000
74%
Baden-Württemberg F Freiburg 231.000
74%
Baden-Württemberg K Karlsruhe 306.000
74%
Bayern R Regensburg 153.000
74%
Saarland D Dillingen/Saar 20.000
73%
Sachsen F Freiberg 40.000
73%
Bayern I Ingolstadt 138.000
73%
Thüringen J Jena 111.000
73%
Rheinland-Pfalz M Mainz 220.000
73%
Sachsen L Leipzig 600.000
72%
Baden-Württemberg H Heidelberg 159.000
71%
Hessen K Kassel 200.000
71%
Brandenburg P Potsdam 184.000
71%
Mecklenburg-Vorpommern R Rostock 209.000
71%
Hessen W Wiesbaden 280.000
71%
Nordrhein-Westfalen W Wuppertal 355.000
71%
Hessen D Darmstadt 160.000
70%
Nordrhein-Westfalen G Gelsenkirchen 260.000
70%
Saarland S Saarbrücken 180.000
70%
Schleswig-Holstein K Kiel 250.000
69%
Nordrhein-Westfalen M Münster 320.000
69%
Bayern F Fürth 130.000
68%
Thüringen E Erfurt 213.000
67%
Rheinland-Pfalz K Koblenz 114.000
67%
Rheinland-Pfalz T Trier 111.000
67%
Niedersachsen W Wolfsburg 123.000
66%
Bayern W Würzburg 126.000
66%
Niedersachsen B Braunschweig 250.000
65%
Sachsen-Anhalt M Magdeburg 237.000
65%
Niedersachsen O Oldenburg 170.000
65%
Mecklenburg-Vorpommern S Schwerin 96.000
65%
Brandenburg C Cottbus 100.000
64%
Sachsen-Anhalt H Halle (Saale) 240.000
64%
Bayern B Bamberg 78.000
63%
Schleswig-Holstein F Flensburg 91.000
63%
Thüringen G Gera 92.000
62%
Sachsen Z Zwickau 87.000
62%
Nordrhein-Westfalen L Leverkusen 164.000
61%
Niedersachsen G Göttingen 116.000
60%
Schleswig-Holstein L Lübeck 217.000
60%
Nordrhein-Westfalen O Oberhausen 210.000
60%
Nordrhein-Westfalen P Paderborn 153.000
60%
Nordrhein-Westfalen X Xanten 22.000
60%
Hessen G Gießen 91.000
58%
Niedersachsen C Celle 70.000
57%
Hessen H Hanau 99.000
56%
Bayern E Erlangen 113.000
56%
Bayern P Passau 53.000
56%
Brandenburg B Brandenburg 73.000
55%
Rheinland-Pfalz L Ludwigshafen am Rhein 175.000
55%
Baden-Württemberg A Aalen 68.000
52%
Nordrhein-Westfalen I Iserlohn 92.000
51%
Nordrhein-Westfalen H Hagen 190.000
50%
Baden-Württemberg P Pforzheim 124.000
50%
Baden-Württemberg T Tübingen 91.000
50%
Thüringen W Weimar 65.000
50%
Niedersachsen S Salzgitter 104.000
49%
Nordrhein-Westfalen S Solingen 160.000
49%
Baden-Württemberg B Baden-Baden 55.000
47%
Baden-Württemberg L Ludwigsburg 93.000
47%
Nordrhein-Westfalen N Neuss 153.000
47%
Baden-Württemberg E Esslingen 92.000
45%
Saarland H Homburg 42.000
45%
Mecklenburg-Vorpommern G Greifswald 60.000
44%
Mecklenburg-Vorpommern N Neubrandenburg 63.000
44%
Baden-Württemberg R Reutlingen 116.000
44%
Baden-Württemberg V Villingen-Schwenningen 86.000
44%
Mecklenburg-Vorpommern W Wismar 43.000
44%
Niedersachsen L Lüneburg 76.000
43%
Hessen M Marburg 77.000
43%
Baden-Württemberg O Offenburg 60.000
43%
Nordrhein-Westfalen R Remscheid 112.000
43%
Bayern L Landshut 73.000
42%
Rheinland-Pfalz W Worms 84.000
41%
Niedersachsen E Emden 50.000
40%
Bayern K Kempten (Allgäu) 70.000
40%
Nordrhein-Westfalen U Unna 60.000
40%
Bayern C Coburg 41.000
38%
Saarland N Neunkirchen 46.000
37%
Sachsen-Anhalt Q Quedlinburg 23.000
36%
Bayern H Hof 45.000
35%
Bayern S Schweinfurt 53.000
35%
Nordrhein-Westfalen C Castrop-Rauxel 73.000
34%
Niedersachsen D Delmenhorst 78.000
34%
Baden-Württemberg G Göppingen 58.000
34%
Sachsen P Plauen 63.000
34%
Rheinland-Pfalz Z Zweibrücken 34.000
34%
Bayern D Dachau 48.000
33%
Sachsen G Görlitz 56.000
33%
Sachsen B Bautzen 38.000
29%
Rheinland-Pfalz P Pirmasens 41.000
29%
Sachsen A Aue-Bad Schlema 20.000
27%
Rheinland-Pfalz S Speyer 51.000
26%
Nordrhein-Westfalen J Jülich 33.000
25%
Hessen O Offenbach am Main 131.000
25%
Hessen R Rüsselsheim am Main 66.000
25%
Nordrhein-Westfalen V Velbert 82.000
25%
Sachsen-Anhalt W Wittenberg 45.000
25%
Thüringen N Nordhausen 41.000
24%
Baden-Württemberg C Crailsheim 35.000
23%
Brandenburg O Oranienburg 47.000
23%
Niedersachsen P Peine 51.000
23%
Niedersachsen A Aurich 43.000
21%
Brandenburg E Eberswalde 41.000
21%
Niedersachsen J Jever 15.000
21%
Sachsen M Meißen 28.000
21%
Schleswig-Holstein N Norderstedt 80.000
21%
Thüringen S Suhl 36.000
21%
Nordrhein-Westfalen T Troisdorf 75.000
21%
Sachsen-Anhalt D Dessau-Roßlau 79.000
20%
Rheinland-Pfalz N Neuwied 64.000
20%
Baden-Württemberg N Nürtingen 41.000
20%
Niedersachsen V Vechta 33.000
20%
Baden-Württemberg W Waiblingen 55.000
20%
Hessen B Bad Homburg 54.000
19%
Thüringen I Ilmenau 39.000
19%
Schleswig-Holstein I Itzehoe 32.000
18%
Schleswig-Holstein P Pinneberg 44.000
18%
Schleswig-Holstein Q Quickborn 22.000
18%
Rheinland-Pfalz B Bad Kreuznach 52.000
17%
Mecklenburg-Vorpommern L Ludwigslust 12.000
17%
Brandenburg M Mühlenbecker Land 15.000
17%
Thüringen M Mühlhausen/Thüringen 36.000
17%
Niedersachsen Q Quakenbrück 14.000
17%
Bayern T Traunstein 21.000
17%
Niedersachsen U Uelzen 34.000
17%
Thüringen A Altenburg 31.000
16%
Hessen L Langen 39.000
16%
Sachsen-Anhalt N Naumburg (Saale) 32.000
16%
Sachsen R Radebeul 34.000
16%
Schleswig-Holstein S Schleswig 26.000
16%
Sachsen-Anhalt Z Zeitz 27.000
16%
Mecklenburg-Vorpommern A Anklam 12.000
15%
Nordrhein-Westfalen F Frechen 52.000
15%
Niedersachsen N Nordhorn 54.000
15%
Sachsen-Anhalt S Stendal 38.000
15%
Rheinland-Pfalz A Andernach 30.000
14%
Rheinland-Pfalz F Frankenthal 49.000
14%
Sachsen H Hoyerswerda 31.000
14%
Rheinland-Pfalz I Ingelheim am Rhein 36.000
14%
Brandenburg N Neuruppin 31.000
14%
Schleswig-Holstein R Rendsburg 29.000
14%
Schleswig-Holstein E Elmshorn 50.000
13%
Niedersachsen K Königslutter am Elm 16.000
13%
Brandenburg K Königs Wusterhausen 38.000
13%
Saarland M Merzig 30.000
13%
Brandenburg S Schwedt/Oder 30.000
13%
Nordrhein-Westfalen Z Zülpich 21.000
13%
Sachsen-Anhalt A Aschersleben 26.000
12%
Sachsen-Anhalt K Köthen ( Anhalt) 25.000
11%
Mecklenburg-Vorpommern P Parchim 17.000
11%
Schleswig-Holstein A Ahrensburg 34.000
10%
Rheinland-Pfalz G Germersheim 21.000
10%
Hessen I Idstein 25.000
10%
Niedersachsen M Melle 47.000
10%
Mecklenburg-Vorpommern B Bergen auf Rügen 14.000
9%
Sachsen-Anhalt E Eisleben 22.000
9%
Baden-Württemberg I Isny im Allgäu 15.000
9%
Sachsen O Oschatz 14.000
9%
Brandenburg T Teltow 27.000
9%
Hessen A Alsfeld 16.000
8%
Schleswig-Holstein B Bad Oldesloe 25.000
8%
Sachsen E Eilenburg 16.000
8%
Hessen T Taunusstein 31.000
8%
Sachsen T Torgau 20.000
8%
Brandenburg W Werder (Havel) 27.000
8%
Saarland B Blieskastel 20.000
7%
Rheinland-Pfalz D Diez 11.000
7%
Bayern G Germering 41.000
7%
Brandenburg J Jüterbog 12.000
7%
Brandenburg R Rathenow 24.000
7%
Baden-Württemberg D Ditzingen 24.000
6%
Schleswig-Holstein G Geesthacht 32.000
6%
Brandenburg G Guben 16.000
6%
Niedersachsen I Isernhagen 25.000
6%
Sachsen K Kamenz 17.000
6%
Saarland L Lebach 19.000
6%
Brandenburg L Ludwigsfelde 28.000
6%
Hessen N Neu-Isenburg 39.000
6%
Bayern O Olching 28.000
6%
Sachsen-Anhalt O Oschersleben 19.000
6%
Rheinland-Pfalz R Remagen 18.000
6%
Hessen U Usingen 15.000
6%
Brandenburg V Velten 13.000
6%
Hessen V Viernheim 34,000
6%
Schleswig-Holstein W Wedel 34.000
6%
Bayern Z Zirndorf 27.000
6%
Brandenburg Z Zossen 21.000
6%
Sachsen-Anhalt B Bitterfeld-Wolfen 37.000
5%
Mecklenburg-Vorpommern D Demmin 10.000
5%
Rheinland-Pfalz H Haßloch 20.000
5%
Brandenburg H Hohen Neuendorf 26.000
5%
Sachsen-Anhalt J Jessen (Elster) 14.000
5%
Schleswig-Holstein M Mölln 20.000
5%
Hessen P Pfungstadt 25.000
5%
Saarland V Völkingen 40.000
5%
Brandenburg A Angermünde 14.000
4%
Sachsen-Anhalt G Gardelegen 22.000
4%
Schleswig-Holstein H Henstedt-Ulzburg 28.000
4%
Sachsen-Anhalt L Landsberg 15.000
4%
Saarland O Ottweiler 14.000
4%
Saarland P Püttlingen 18.000
4%
Bayern U Unterschleißheim 29.000
4%
Hessen E Eschwege 20.000
3%
Niedersachsen F Friesoythe 23.000
3%
Mecklenburg-Vorpommern H Hagenow 12.000
3%
Rheinland-Pfalz O Osthofen 10.000
3%
Niedersachsen R Rinteln 26.000
3%
Sachsen W Werdau 20.000
3%
Thüringen Z Zeulenroda-Triebes 16.000
3%
Thüringen B Bad Salzungen 23.000
2%
Sachsen-Anhalt C Coswig (Anhalt) 12.000
2%
Saarland E Eppelborn 16.000
2%
Thüringen H Heilbad Heiligenstadt 17.000
2%
Saarland I Illingen 16.000
2%
Thüringen L Leinefelde-Worbis 20.000
2%
Thüringen P Pößneck 12.000
2%
Saarland Q Quierscheid 13.000
2%
Thüringen R Rudolfstadt 25.000
2%
Sachsen S Schkeuditz 19.000
2%
Hessen S Seligenstadt 22.000
2%
Sachsen-Anhalt T Thale 17.000
2%
Saarland T Tholey 12.000
2%
Schleswig-Holstein U Uetersen 18.000
2%
Bayern V Vaterstetten 25.000
2%
Niedersachsen Z Zeven 14.000
2%
Brandenburg D Dallgow-Döberitz 10.000
1%
Sachsen N Neustadt in Sachsen 12.000
0%
Saarland R Rehlingen-Siersburg 14.000
0%
Niedersachsen T Tostedt 14.000
0%
Saarland U Überherrn 11.000
0%
Saarland W Wadgassem 17.000
0%
Keine übereinstimmenden Quizze gefunden
Verteilung der Resultate
Anzahl Personen mit jedem Resultat
Perzentil nach korrekt beantworteten Fragen
Ihre Resultats-Entwicklung
Sie haben dieses Quiz noch nicht gespielt